000 00987nam a2200229Ia 4500
999 _c40195
_d40195
001 6802
003 GE_BSU
005 20190628190741.0
008 181216s1963|||| |||||||||||||| ||geo||
041 _ageo
080 _a62-86 მ-75
245 _aმექანიკური ამძრავები:გაანგარიშების მსვლელობა და საცნობარო მონაცემები : დამხმ. სახელმძღ. /
_cო. ეზიკაშვილი ; დ. ჭელიძე ; და სხვ.
260 _aთბ.
260 _bცოდნა.
260 _c1963.
300 _a354 გვ .:
_bნახაზ.
_c27 სმ.
504 _aბიბლიოგრ.:გვ.352
653 _aმექანიკური ამძრავები
700 _aეზიკაშვილი, ო
_9482
700 _aჭელიძე, დ და სხვ
_93101
942 _cBK
_2udc